Antología de las obras del Excmo. Señor Vizconde de Eza / (Record no. 97796)
[ view plain ]
| 000 -LEADER | |
|---|---|
| campo de control de longitud fija | 01263nam a2200265 i 4500 |
| 001 - NÚMERO DE CONTROL | |
| campo de control | 97796 |
| 003 - IDENTIFICADOR DE NÚMERO DE CONTROL | |
| campo de control | ES-MaACL |
| 005 - FECHA Y HORA DE LA ÚLTIMA TRANSACCIÓN | |
| campo de control | 20250823063053.0 |
| 007 - CAMPO FIJO DE DESCRIPCIÓN FÍSICA--INFORMACIÓN GENERAL | |
| campo de control de longitud fija | t| |
| 008 - DATOS DE LONGITUD FIJA--INFORMACIÓN GENERAL | |
| campo de control de longitud fija | 050718q1948 sp ||||1| spa d |
| 100 1# - ENTRADA PRINCIPAL--NOMBRE DE PERSONA | |
| Nombre de persona | Eza, Luis Marichalar y Monreal, |
| Títulos y otros términos asociados al nombre | Vizconde de, |
| Fechas asociadas al nombre | 1873-1945 |
| 9 (RLIN) | 76705 |
| 245 10 - MENCIÓN DEL TÍTULO | |
| Título | Antología de las obras del Excmo. Señor Vizconde de Eza / |
| Mención de responsabilidad, etc. | precedidas de un propósito de don Pedro Antonio Barquerizo, y un prólogo de don León Martín-Granizo, y avaloradas con estudios especiales... de Pedro Sangro y Ros de Olano ... [et al.]. |
| 260 ## - PUBLICACIÓN, DISTRIBUCIÓN, ETC. | |
| Lugar de publicación, distribución, etc. | Madrid : |
| Nombre del editor, distribuidor, etc. | Escuela Social de Madrid, |
| Fecha de publicación, distribución, etc. | [1948?] |
| 300 ## - DESCRIPCIÓN FÍSICA | |
| Extensión | XXXIX, 1037 p., 1 retr. autor ; |
| Dimensiones | 18 cm. |
| 490 1# - MENCIÓN DE SERIE | |
| Mención de serie | Biblioteca Eza ; |
| Designación de volumen o secuencia | 1 |
| 505 8# - NOTA DE CONTENIDO CON FORMATO | |
| Nota de contenido con formato | Contiene: El vizconde de Eza, agrarista, economista, sociólogo, político . El vizconde de Eza según sus coetáneos. |
| 600 14 - PUNTO DE ACCESO ADICIONAL DE MATERIA--NOMBRE DE PERSONA | |
| Nombre de persona | Eza, Luis Marichalar y Monreal, |
| Títulos y otros términos asociados al nombre | Vizconde de, |
| Fechas asociadas al nombre | 1873-1945 |
| 9 (RLIN) | 76705 |
| 700 1# - ENTRADA AGREGADA--NOMBRE PERSONAL | |
| Nombre de persona | Baquerizo, Pedro Antonio. |
| 9 (RLIN) | 25257 |
| 700 1# - ENTRADA AGREGADA--NOMBRE PERSONAL | |
| Nombre de persona | Martín-Granizo, León. |
| 9 (RLIN) | 77517 |
| 700 1# - ENTRADA AGREGADA--NOMBRE PERSONAL | |
| Nombre de persona | Sangro y Ros de Olano, Pedro, |
| Títulos y otros términos asociados al nombre | Marqués de Guad-el-Jelú. |
| 9 (RLIN) | 103144 |
| 710 2# - ENTRADA AGREGADA--NOMBRE DE ENTIDAD CORPORATIVA | |
| Nombre de entidad corporativa o nombre de jurisdicción como elemento de entrada | Escuela Social de Madrid. |
| 9 (RLIN) | 3593 |
| 830 1# - PUNTO DE ACCESO ADICIONAL DE SERIE-TÍTULO UNIFORME | |
| Título uniforme | Biblioteca Eza ; |
| Designación de volumen o secuencia | 1 |
| 9 (RLIN) | 232298 |
| 852 ## - LOCALIZACIÓN | |
| Ubicación | ES-MaACL |
| Número de control de estantería | B-13488 |
| Estatus retirado | Estado de pérdida | Estado de daño | No para préstamo | Biblioteca de origen | Biblioteca actual | Ubicación en estantería | Fecha de adquisición | Fuente de adquisición | Total de préstamos | Signatura topográfica completa | Código de barras | Visto por última vez | Precio de reemplazo | Tipo de ítem Koha |
|---|---|---|---|---|---|---|---|---|---|---|---|---|---|---|
| Biblioteca del Ateneo de Madrid | Biblioteca del Ateneo de Madrid | Sala Pardo Bazán | 17/01/2008 | B-13488 | 1102086 | 23/02/2023 | 23/02/2023 | Libro impreso |
